| 000 | 00490nam a2200181Ia 4500 | ||
|---|---|---|---|
| 005 | 20250625123802.0 | ||
| 008 | 008 250516s9999 xx 000 0 eng d | ||
| 020 | _a9780262048439 | ||
| 040 |
_beng _cSDCL |
||
| 041 |
_aeng _2eng |
||
| 084 | _aB281 R3 | ||
| 100 |
_aMurphy, Kevin P. _929210 |
||
| 245 | 0 |
_aProbabilistic machine learning : _bAdvanced topics |
|
| 260 |
_aCambridge : _bThe MIT Press, _c2023. |
||
| 300 | _axxxi, 1319p. | ||
| 650 | _aMathematics | ||
| 942 |
_cTEXL _2CC |
||
| 999 |
_c1429055 _d1429055 |
||